Fc Barca 2017/18 starting XI - Statistics

General Stats
  • This quiz has been taken 1,781 times
  • The average score is 9 of 11
Answer Stats
Player Answer % Correct
RW Lionel Messi
99%
ST Luis Suarez
96%
GK Marc Andre Ter Stegen
93%
CB Gerard Pique
90%
LB Jordi Alba
86%
CM Andres Iniesta
81%
CM Sergio Busquets
80%
CM Ivan Rakitic
71%
LW Ousmane Dembele
67%
CB Samuel Umtiti
66%
RB Nelson Semedo
45%
No matching quizzes found
Score Distribution
Percent of People with Each Score
Percentile by Number Answered
Your Score History
You have not taken this quiz